MARC

LEADER 00000nam0a2200000 4500
001 25350
005 20231030200905.0
010 |a 5863283041 
035 |a (RuTPU)RU\TPU\book\25586 
035 |a BOOK00025661 
090 |a 25350 
100 |a 20011209d2000 m y0rusy50 ca 
101 0 |a rus 
102 |a RU 
105 |a y z 001zy 
200 1 |a Профессиональная ориентация учащихся общеобразовательных школ России  |f А. Д. Сазонов, В. А. Сазонов, И. А. Сазонов 
210 |a Курган  |c Изд-во Курганского гос. ун-та  |d 2000 
215 |a 191 с. 
320 |a Библиогр.: с. 179-190. 
610 1 |a образование 
610 1 |a педагогика 
610 1 |a школьная педагогика 
610 1 |a профессиональная ориентация 
610 1 |a история 
610 1 |a теория 
610 1 |a профориентация 
686 |a Ч421.202  |v LBC/SL-A  |2 rubbk 
700 1 |a Сазонов  |b А. Д.  |g Александр Дмитриевич 
701 1 |a Сазонов  |b В. А.  |g Владимирович Александрович 
701 1 |a Сазонов  |b И. А.  |g Игорь Александрович 
801 0 |a RU  |b 63413507  |c 20011209  |g PSBO 
801 2 |a RU  |b 63413507  |c 20090120  |g PSBO 
942 |c BK